[Event "22nd OIBM 2018"]
[Site "Gmund am Tegernsee"]
[Date "2018.11.03"]
[Round "8"]
[White "Markmann, Ulrich"]
[Black "Chanda, Sandipan"]
[Result "0-1"]
[WhiteElo "2282"]
[BlackElo "2535"]
[Annotator "TA"]
[PlyCount "68"]
[EventDate "2018.10.27"]
[EventType "swiss"]
[EventCountry "GER"]
[SourceTitle "playchess.com"]
[Source "ChessBase"]
[SourceQuality "1"]

{[%evp 9,68,12,13,5,9,8,23,8,17,11,15,-12,0,5,7,13,10,13,11,0,0,-6,6,0,0,-6,-6,-4,0,0,0,0,0,-2,-2,-3,-3,-12,0,0,0,-11,-11,-27,-25,-21,-20,-58,-26,-31,-13,-30,-22,-40,0,0,0,-132,-132,-573,-566]} 1. Nf3 f5 2. d3 d6 3. e4 e5 4. Nc3 Nc6 (4... Be7 5. d4 fxe4 6. Nxe4 d5 7. Neg5 exd4 8. Bd3 Qd6 9. Nxd4 c5 10. Nb5 Qe5+ 11. Be3 Na6 12. O-O {1-0 (36) Svidler,P (2751)-Bu,X (2710) Tbilisi 2017}) 5. exf5 Nge7 {LiveBook: 8 Games} 6. d4 {A04: Unusual lines after 1 Nf3 and King's Indian Attack} exd4 7. Nxd4 Nxd4 8. Qxd4 {Black should prevent f6.White has an edge.} Nxf5 9. Qe4+ Qe7 10. Bf4 $146 ({Predecessor:} 10. Bd3 Qxe4+ 11. Nxe4 Be7 12. c4 {½-½ (41) Pelletier,Y (2563)-Borisek,J (2571) Zillertal 2015}) 10... Qxe4+ 11. Nxe4 d5 12. Ng3 Bd6 13. Bxd6 Nxd6 14. O-O-O Be6 15. Re1 Kf7 16. Bd3 Rhe8 17. Re5 g6 18. Rhe1 Kf6 19. f4 Nf7 20. R5e3 Bd7 21. Rxe8 Rxe8 22. Rxe8 Bxe8 $11 {[%mdl 4096] Endgame KBN-KBN} 23. Kd2 Nd6 24. c3 c5 25. Ne2 Bd7 26. b4 b6 27. bxc5 bxc5 28. Ng1 a5 29. Nf3 a4 30. Ke3 a3 31. Nd2 Be6 32. Nb1 $1 c4 33. Bc2 (33. Be2 $1 $11) 33... Nb5 $17 34. Ba4 $2 {[%mdl 8192] [#]} (34. Ke2 $17 {is tougher.}) 34... Bf5 {Precision: White = 39%, Black = 62%.} 0-1

[Event "22nd OIBM 2018"]
[Site "Gmund am Tegernsee"]
[Date "2018.11.03"]
[Round "8"]
[White "Donchenko, Anatoly"]
[Black "Semprun Martinez, Fernando"]
[Result "1-0"]
[WhiteElo "2269"]
[BlackElo "2102"]
[Annotator "TA"]
[PlyCount "45"]
[EventDate "2018.10.27"]
[EventType "swiss"]
[EventCountry "GER"]
[SourceTitle "playchess.com"]
[Source "ChessBase"]
[SourceQuality "1"]

{[%evp 19,45,0,0,-22,3,13,17,36,7,-4,9,-5,45,33,46,40,54,37,148,147,92,106,212,207,462,461,713,669]} 1. d4 Nf6 2. Nf3 g6 3. g3 d5 4. Bg2 Bg7 5. O-O O-O 6. c4 c6 7. Qb3 dxc4 8. Qxc4 Be6 9. Qc2 Bf5 {D78: Grünfeldindisch (Fianchetto 6.0-0 c6)} 10. Qb3 Qb6 {LiveBook: 19 Partien} 11. Qa3 (11. Nbd2 Nbd7 12. Qa3 c5 13. Nc4 Qb5 14. Ne3 Be4 15. dxc5 Qxc5 16. Qxc5 Nxc5 17. Bd2 {½-½ (39) Kunin,V (2576)-Fridman,D (2639) Helmond 2015}) 11... Na6 {Die Stellung ist ausgeglichen.} 12. Bd2 Ne4 13. Ba5 Qb5 14. Nc3 Nxc3 15. Bxc3 Be4 16. Qxe7 Rfe8 17. Qh4 h6 $146 18. Qf4 Bf5 {[#]} (18... g5 $14 19. Qg4 Qd5) 19. Ne5 $1 $16 Qxe2 (19... Rad8 $142) 20. Rfe1 Qh5 {[#]} (20... Qb5 $16) 21. d5 $1 $18 {[%cal Rd5c6]} cxd5 $2 (21... Qg5 22. Qc4 (22. dxc6 Qxf4 23. gxf4 b6 $16) 22... Bxe5) 22. Bxd5 Re7 (22... Qg5 $142 23. Bxf7+ Kh7 24. Qxg5 hxg5 25. Bxe8 Rxe8) 23. Nxf7 {Precision: Weiß = 65%, Schwarz = 22%.} 1-0

[Event "22nd OIBM 2018"]
[Site "Gmund am Tegernsee"]
[Date "2018.11.03"]
[Round "8"]
[White "Wintzer, Joachim"]
[Black "Yakimenko, Alexander A."]
[Result "1/2-1/2"]
[WhiteElo "2260"]
[BlackElo "2101"]
[Annotator "TA"]
[PlyCount "128"]
[EventDate "2018.10.27"]
[EventType "swiss"]
[EventCountry "GER"]
[SourceTitle "playchess.com"]
[Source "ChessBase"]
[SourceQuality "1"]

{[%evp 13,128,8,12,17,48,43,55,64,57,44,46,46,51,39,55,49,43,33,49,22,41,0,0,6,4,5,48,-50,14,0,0,0,0,0,0,-23,-20,-31,-23,-27,0,-12,-12,-10,80,81,129,115,119,111,123,76,399,105,236,235,226,222,222,222,335,81,87,63,66,68,70,16,52,0,8,2,14,0,0,0,0,0,0,0,0,0,0,0,0,0,0,0,0,0,0,0,0,0,0,0,0,0,0,0,0,0,0,0,0,0,0,0,0,0,0,0,0,0,0,0,0]} 1. c4 e5 2. Nc3 Nc6 3. g3 g6 4. Bg2 Bg7 5. e4 d6 6. Nge2 Bg4 {A25: English Opening vs King's Indian with ...Nc6 but without early d3} 7. h3 Be6 {LiveBook: 6 Games} 8. d3 Qc8 $146 ({Predecessor:} 8... h5 9. Nd5 Qd7 10. Be3 h4 11. g4 f5 12. gxf5 gxf5 13. exf5 Bxf5 14. Qb3 {½-½ (44) Miezis,N (2551)-Starostits,I (2463) Riga 2014}) 9. Nd5 Nge7 10. Bg5 h6 11. Be3 Bd7 12. Rc1 O-O 13. h4 Re8 14. O-O Nd4 15. Qd2 Kh7 16. Kh2 c5 17. f4 Nxd5 18. cxd5 Bg4 19. Ng1 {[%cal Be2g1,Bg1h3,Bh3f4,Bf4e6][%mdl 32]} Qd7 20. Rf2 (20. fxe5 $14 Bxe5 21. Bxh6) 20... Qe7 (20... exf4 $15 21. Bxf4 f5) 21. Bh3 (21. Bxd4 {looks sharper.} exd4 22. Bh3 Bxh3 23. Nxh3 f5 24. Re2) 21... Bxh3 22. Nxh3 f5 23. fxe5 Bxe5 24. Bxd4 Bxd4 25. Re2 fxe4 26. Rxe4 Qf7 27. Nf4 Rxe4 28. dxe4 Qf6 (28... Be5 $11 {remains equal.}) 29. Ne6 $16 Be5 {[#] And now ...Qxh4+ would win.} 30. Kg2 Qe7 31. Rf1 Re8 32. b3 Bg7 $2 {[%mdl 8192] [#]} (32... b5 $16) 33. Rf3 $2 (33. h5 $1 $18 {[%mdl 512]}) 33... Qd7 (33... Be5 $16) 34. Qf4 Re7 35. h5 gxh5 36. Qf5+ Kg8 (36... Kh8 $142 37. Qxh5 Qe8) 37. Qxh5 $2 (37. Qg6 $18 {[%csl Ge6][%cal Rf3f8] and the rest is easy.} Rf7 38. e5 (38. Qxh5 Rxf3 39. Qxf3 b5 $16) 38... dxe5 39. d6) 37... Rf7 38. Rf4 Rxf4 39. gxf4 b5 $1 40. Kf2 (40. Qe2 $14) 40... c4 $1 $11 41. Ke2 (41. Qe2 $14) 41... a5 {The position is equal.} (41... cxb3 {is interesting.} 42. axb3 a5 43. Kd3 a4 44. Nxg7 Qxg7 45. Qe8+ Kh7) 42. bxc4 bxc4 43. e5 dxe5 44. Nxg7 Qxg7 45. fxe5 {[%mdl 4096] Endgame KQ-KQ} Qg2+ 46. Ke1 Qe4+ 47. Kf2 Qd4+ 48. Ke2 Qd3+ 49. Kf2 Qd2+ 50. Kf1 $1 Qc1+ 51. Ke2 {Strongly threatening Qg6+.} Qc2+ 52. Ke3 {Qe8+ is the strong threat.} Qd3+ 53. Kf2 Qd4+ 54. Ke2 {Hoping for Qg6+.} ({Much weaker is} 54. Kg3 Qe3+ 55. Kh2 Qd2+ 56. Kh3 (56. Kg3 $2 Qg5+ 57. Qxg5+ hxg5 $19) 56... Qxd5 $17) 54... Qe4+ 55. Kf2 Qxd5 56. Qg6+ Kf8 57. Qxh6+ Ke8 58. Qf6 Qf7 59. Ke3 Qxf6 60. exf6 Kf7 61. Kd4 Kxf6 62. Kxc4 Ke6 63. Kb5 Kd6 64. Kxa5 {aiming for Kb6.} Kc6 {Precision: White = 44%, Black = 48%.} 1/2-1/2

[Event "22nd OIBM 2018"]
[Site "Gmund am Tegernsee"]
[Date "2018.11.03"]
[Round "8"]
[White "Groetzbach, Julian"]
[Black "Wille, Thomas"]
[Result "1-0"]
[WhiteElo "2247"]
[BlackElo "2096"]
[Annotator "TA"]
[PlyCount "167"]
[EventDate "2018.10.27"]
[EventType "swiss"]
[EventCountry "GER"]
[SourceTitle "playchess.com"]
[Source "ChessBase"]
[SourceQuality "1"]

{[%evp 17,167,13,22,0,8,8,66,75,81,68,75,57,63,62,143,142,132,120,237,136,153,151,162,177,167,156,202,201,245,119,126,91,90,83,141,106,92,8,8,8,8,0,0,0,8,0,8,8,8,8,8,8,8,0,8,8,8,8,8,8,8,0,0,0,5,0,8,8,8,8,8,8,29,32,39,31,26,9,60,60,60,42,101,87,362,350,259,309,387,206,206,206,206,206,206,206,206,206,206,206,206,206,206,206,206,206,206,206,206,206,206,206,206,206,206,206,206,0,206,206,206,206,206,206,206,206,5181,207,29966,29963,29976,29977,29977,29978,29982,236,29983,0,0,0,0,0,0,0,0,0,0,0,29986,29987,29987,29988]} 1. e4 c6 2. d4 d5 3. Nd2 {[%cal Bb1d2,Bd2e4,Be4g5][%mdl 32]} dxe4 4. Nxe4 Nd7 5. Ng5 Ngf6 6. Bd3 g6 7. N1f3 Bg7 8. Qe2 O-O 9. O-O h6 {LiveBook: 6 Games. B17: Caro-Kann: Modern Line (4...Nd7)} 10. Nxf7 (10. Ne4 Nxe4 11. Qxe4 c5 12. Bc4 e6 13. Be3 Nf6 14. Qd3 Ng4 15. dxc5 Qc7 16. Rad1 Nxe3 17. Qxe3 {½-½ (75) Hou,Y (2591)-Ruan,L (2480) Antakya 2010 CBM 139 Extra [Moradiabadi,E]}) 10... Rxf7 11. Bxg6 Nf8 $146 (11... Rf8 $1 $11) ({Predecessor:} 11... Rf8 12. c4 Ne8 13. Re1 Ndf6 14. h3 Nd6 15. Bf4 Nd5 16. Bxh6 Bxh6 17. cxd5 cxd5 {1-0 (39) Koziak,V (2470)-Urban,K (2478) Police 2010}) 12. Bxf7+ $14 Kxf7 13. Re1 Bf5 14. Bf4 Ng6 15. Ne5+ Nxe5 (15... Kg8 $14) 16. dxe5 $16 ({But not} 16. Bxe5 $6 Kg8 $14) (16. Qxe5 Kg6 $11) 16... Nd5 {[#]} 17. Bxh6 $1 {[%mdl 512]} e6 (17... Qh8 $16 18. Qf3 e6) (17... Bxh6 18. Qh5+) 18. Bxg7 ({White should try} 18. Qh5+ $1 $18 Bg6 19. Qf3+ Bf5 20. Bxg7 Kxg7 21. c4) 18... Kxg7 19. Rad1 b5 20. c4 bxc4 21. Qxc4 Qg5 22. Qxc6 Rh8 23. Rxd5 (23. Qb7+ $18 {has better winning chances.} Kg6 24. Rd4 (24. Qxa7 Qh5 $11)) 23... exd5 24. Qxd5 Rd8 25. Qc6 Rd2 (25... Rc8 $142 26. Qb7+ Kh8) 26. e6 Qf4 {[#]} 27. Qb7+ (27. Qc3+ $1 $16 Kh7 28. f3) 27... Kh6 $11 28. Qxa7 {Threatens to win with h4.} Re2 {[%cal Re2e1]} 29. Rd1 Qd2 {[%cal Rd2d1]} 30. Rf1 Bxe6 (30... Re1 $5 31. Qa6 $8 Bd3 32. Qxd3 Qxd3 33. Rxe1 Qd2 $11) 31. h3 Qxb2 32. a4 Qe5 33. Qb6 Kg7 34. Rc1 Ra2 35. Qc7+ Kf6 36. Qd8+ Kg6 37. Qe8+ Kg7 38. Qe7+ Kg6 39. Qe8+ Kg7 40. Qe7+ Kg6 41. h4 Ra1 42. Rxa1 Qxa1+ 43. Kh2 Qe5+ $1 44. g3 {White wants to play a5!} Qe2 (44... Qf5 $5 {[%cal Rf5f2]} 45. Qg5+ Qxg5 46. hxg5 Kxg5 $14) 45. Qg5+ Kf7 46. Qf4+ Ke7 47. a5 {With the idea Qc7+.} Qa2 (47... Qf1 $11) 48. Qc7+ Bd7 49. Qc5+ Ke8 (49... Kf7 $14) 50. Qb6 {Strongly threatening a6.} Qc2 $2 {[%mdl 8192]} (50... Bc8 $16 51. Qe3+ Kd7) 51. a6 $18 Bc6 52. a7 Kf7 {[#] intending ...Qe4.} 53. a8=Q $1 {[%mdl 512]} Bxa8 54. Qa7+ Kg6 55. Qxa8 Qxf2+ {[%mdl 4096] Endgame KQ-KQ} 56. Qg2 Qe3 57. Qc2+ Kh6 58. Kg2 Kg7 59. Qf2 Qe6 60. Qf3 Kh7 61. g4 {aiming for Qf5+.} Qc4 62. Kg3 Qd4 63. h5 {And now Qf7+ would win.} Qg1+ 64. Kh3 Qd4 65. Qf7+ Kh8 66. Qf8+ Kh7 67. Qf7+ Kh8 68. Qe8+ Kh7 69. Qe7+ Kh6 70. Qe6+ Kh7 71. Kg3 {Black must now prevent Qf7+.} Qg1+ $2 (71... Kg7 72. Qe7+ Kh6 73. Qf8+ Kh7 74. Qf7+ Kh8) 72. Kf4 Qf2+ $2 (72... Qc1+ $18 73. Kf5 Qc7 74. Qg6+ Kh8 75. Qf6+ Kh7) 73. Kg5 Qd2+ {[#]} 74. Kf6 $1 Qh6+ 75. Kf7 Qg7+ 76. Ke8 {White wants to mate with Qf7.} Qa1 $2 (76... Kh8 $18 77. h6 Qb2) 77. g5 $2 (77. Ke7 {mates} Qa3+ 78. Kf7 Qf3+ 79. Qf5+ Qxf5+ 80. gxf5 Kh6 81. Ke6 Kxh5 82. f6) 77... Qa8+ $11 78. Ke7 {Intending Qf7+ and mate.} Qa3+ 79. Kf6 {White threatens Qf7+ and mate.} Qb2+ 80. Qe5 Qb6+ 81. Kf7 {[%csl Gf7][%cal Re5g7]} Qb3+ $1 82. Ke8 {Threatening mate with Qe7+.} Qa4+ $2 {[%mdl 8192]} (82... Qf7+ $11 83. Kd8 Qxh5) 83. Kf8 {[%csl Gf8][%cal Re5g7]} Qa8+ 84. Qe8 {Precision: White = 62%, Black = 44%.} 1-0

[Event "22nd OIBM 2018"]
[Site "Gmund am Tegernsee"]
[Date "2018.11.03"]
[Round "8"]
[White "Dobrikov, Marco"]
[Black "Perske, Thore"]
[Result "0-1"]
[WhiteElo "2231"]
[BlackElo "2454"]
[Annotator "TA"]
[PlyCount "84"]
[EventDate "2018.10.27"]
[EventType "swiss"]
[EventCountry "GER"]
[SourceTitle "playchess.com"]
[Source "ChessBase"]
[SourceQuality "1"]

{[%evp 20,84,0,0,0,0,0,0,0,-8,0,0,0,-19,-29,-47,-25,-67,-66,-70,-79,-79,-77,-67,-75,-72,-79,-98,-99,-99,-99,-92,-94,-94,-86,-199,-106,-113,-90,-118,-118,-120,-126,-131,-128,-465,-464,-506,-506,-504,-485,-490,-464,-463,-463,-527,-513,-937,-925,-836,-825,-997,-995,-1145,-1089,-1233,-1158]} 1. e4 e6 2. d4 d5 3. Nc3 Bb4 4. e5 c5 5. a3 Bxc3+ 6. bxc3 Qa5 7. Bd2 Qa4 8. Qb1 c4 9. f4 Nc6 10. Nf3 Bd7 11. Be2 O-O-O {C18: French: 3 Nc3 Bb4: Main line: 7 h4 and 7 Qg4} 12. O-O f6 13. Ra2 (13. g3 Nge7 14. Nh4 Rhg8 15. Ng2 Rdf8 16. Qb2 Be8 17. Ne3 Qa5 18. Rad1 h6 19. a4 {1-0 (55) Roa Alonso,S (2401)-Moreno Trujillo,A (2541) Madrid 2013}) 13... Nge7 {The position is equal.} 14. Qe1 Rdg8 $146 ({Predecessor:} 14... Rdf8 15. Nh4 f5 16. Qf2 Rfg8 {½-½ (25) Ananya,S (1966)-Ankitha,G (1741) Chennai 2016}) 15. Nh4 fxe5 16. fxe5 g5 {[%cal Bg7g5,Bg5g4][%mdl 32]} 17. Nf3 $1 {[%cal Rf3g5]} h6 {[%cal Bh7h6,Bh6h5][%mdl 32]} 18. h4 {[%cal Rh4g5]} g4 19. Nh2 h5 $1 20. Rf6 Nf5 21. Nf1 Rf8 22. Bg5 Rxf6 23. Bxf6 Rg8 24. Ng3 Nxg3 25. Qxg3 Be8 {[%cal Bd7e8,Be8g6,Bg6e4][%mdl 32]} 26. Qe3 Bg6 27. Bd1 {[#]} (27. Bf1 $17) 27... Kd7 (27... Qb5 $1 $19 {[%cal Rb5b1] And now ...Qb1 would win.} 28. Qc1 Qa5) 28. Qc1 b6 29. Qb2 Be4 30. Ra1 Kc8 31. Qc1 Qa5 32. Qb2 $2 {[%mdl 8192] [#]} (32. Qd2 $17 {is a better chance.}) 32... Nxd4 $1 $19 {[%mdl 512] Strongly threatening ...Nf3+.Black is clearly winning.} 33. Qb4 (33. cxd4 Qe1+) 33... Qxb4 34. axb4 Nb5 35. Bg5 Kb7 36. Bd2 Rf8 37. Be2 Bxc2 38. Rf1 (38. Rc1 $142 Bd3 39. Bxd3 cxd3 40. Be1) 38... Rxf1+ 39. Kxf1 a5 40. bxa5 bxa5 {[%cal Bb6a5,Ba5a4][%mdl 32]} 41. Kf2 a4 42. Bc1 Nxc3 {Precision: White = 41%, Black = 80%.} 0-1

[Event "22nd OIBM 2018"]
[Site "Gmund am Tegernsee"]
[Date "2018.11.03"]
[Round "8"]
[White "Zeier, Klaus"]
[Black "Koch, Yannick"]
[Result "1-0"]
[WhiteElo "2228"]
[BlackElo "2048"]
[Annotator "ChessBase"]
[PlyCount "97"]
[EventDate "2018.10.27"]
[EventType "swiss"]
[EventCountry "GER"]
[SourceTitle "playchess.com"]
[Source "ChessBase"]
[SourceQuality "1"]
[TimeControl "40/5400+30:1800+30"]

1. e4 {[%emt 0:00:00]} e6 {[%emt 0:00:00]} 2. d4 {[%emt 0:00:00]} d5 {[%emt 0:00:00]} 3. Bd3 {[%emt 0:00:00]} Nf6 {[%emt 0:00:46]} 4. e5 {[%emt 0:00:16]} Nfd7 {[%emt 0:00:07]} 5. f4 {[%emt 0:00:29]} c5 {[%emt 0:00:49]} 6. c3 {[%emt 0:00:13]} Nc6 {[%emt 0:00:37]} 7. Nf3 {[%emt 0:00:17]} cxd4 {[%emt 0:02:27]} 8. cxd4 {[%emt 0:00:13]} Qb6 {[%emt 0:00:37]} 9. Bc2 {[%emt 0:00:48]} Nb4 {[%emt 0:03:08]} 10. Nc3 {[%emt 0:00:31]} Nxc2+ {[%emt 0:00:47]} 11. Qxc2 {[%emt 0:00:04]} f5 {[%emt 0:06:42]} 12. O-O {[%emt 0:08:04]} Be7 {[%emt 0:02:33]} 13. Kh1 {[%emt 0:01:10]} O-O {[%emt 0:07:18]} 14. Rg1 {[%emt 0:01:01]} Nb8 {[%emt 0:05:45]} 15. g4 {[%emt 0:06:21]} Nc6 {[%emt 0:00:38]} 16. Be3 {[%emt 0:09:17]} Bd7 {[%emt 0:05:56]} 17. Qg2 {[%emt 0:00:57]} g6 {[%emt 0:01:51]} 18. gxf5 {[%emt 0:05:30]} Rxf5 {[%emt 0:00:12]} 19. Rac1 {[%emt 0:08:13]} Nb4 {[%emt 0:02:54]} 20. Qh3 {[%emt 0:05:05]} Nd3 {[%emt 0:04:02]} 21. Rc2 {[%emt 0:00:50]} Rc8 {[%emt 0:30:19]} 22. Rcg2 {[%emt 0:12:45]} Be8 {[%emt 0:00:48]} 23. Nxd5 {[%emt 0:00:27]} Qd8 {[%emt 0:02:55]} 24. Nc3 {[%emt 0:06:25]} Nxf4 {[%emt 0:04:02]} 25. Bxf4 {[%emt 0:02:35]} Rxf4 {[%emt 0:00:04]} 26. Qxe6+ {[%emt 0:04:38]} Kg7 {[%emt 0:06:24]} 27. Nd5 {[%emt 0:07:51]} Rxf3 {[%emt 0:04:16]} 28. Nxe7 {[%emt 0:01:37]} Bf7 {[%emt 0:02:53]} 29. Qxc8 {[%emt 0:03:53]} Qxe7 {[%emt 0:00:17]} 30. Rc1 {[%emt 0:01:38]} Bd5 {[%emt 0:00:17]} 31. Kg1 {[%emt 0:00:16]} Rf7 {[%emt 0:00:52]} 32. Rg3 {[%emt 0:00:50]} h5 {[%emt 0:04:37]} 33. Qc5 {[%emt 0:01:20]} Qe6 {[%emt 0:00:47]} 34. Qd6 {[%emt 0:00:48]} Bxa2 {[%emt 0:00:43]} 35. Qxe6 {[%emt 0:01:24]} Bxe6 {[%emt 0:00:05]} 36. Rgc3 {[%emt 0:00:33]} Rf4 {[%emt 0:00:41]} 37. Rc7+ {[%emt 0:00:27]} Kh6 {[%emt 0:00:04]} 38. Re7 {[%emt 0:02:36]} Bd5 {[%emt 0:00:20]} 39. Rd7 {[%emt 0:00:45]} Rg4+ {[%emt 0:01:18]} 40. Kf2 {[%emt 0:00:30]} Rg2+ {[%emt 0:00:14]} 41. Ke3 {[%emt 0:30:21]} Be6 {[%emt 0:01:23]} 42. Rd6 {[%emt 0:00:00]} Bf5 {[%emt 0:00:31]} 43. e6 {[%emt 0:00:00]} Rxh2 {[%emt 0:02:19]} 44. Re1 {[%emt 0:00:00]} Rh3+ {[%emt 0:03:31]} 45. Kf4 {[%emt 0:00:00]} Rh4+ {[%emt 0:02:38]} 46. Ke5 {[%emt 0:00:00]} Kg7 {[%emt 0:00:20]} 47. Rd7+ {[%emt 0:00:00]} Kf8 {[%emt 0:00:07]} 48. Kf6 {[%emt 0:00:00]} Ke8 {[%emt 0:00:48]} 49. Rg7 {[%emt 0:00:00]} 1-0

[Event "22nd OIBM 2018"]
[Site "Gmund am Tegernsee"]
[Date "2018.11.03"]
[Round "8"]
[White "Pieper, Thomas"]
[Black "Hoffmann, Michael"]
[Result "1/2-1/2"]
[WhiteElo "2213"]
[BlackElo "2441"]
[Annotator "TA"]
[PlyCount "38"]
[EventDate "2018.10.27"]
[EventType "swiss"]
[EventCountry "GER"]
[SourceTitle "playchess.com"]
[Source "ChessBase"]
[SourceQuality "1"]

{[%evp 12,38,2,-2,0,8,9,9,7,8,14,0,17,0,0,0,5,-16,-13,-22,-14,-14,0,0,0,0,-12,-11,-11]} 1. e4 c5 2. Nf3 e6 3. d4 cxd4 4. Nxd4 a6 5. g3 d5 6. Nf3 Nf6 {B41: Sicilian: Kan Variation: 5 c4} 7. exd5 {LiveBook: 13 Games. The position is equal.} exd5 (7... Qxd5 8. Nbd2 Nc6 9. Bg2 Bc5 10. O-O O-O 11. c3 Qd8 12. Qe2 Qe7 13. Nc4 Nd5 14. a4 {½-½ (46) Ponkratov,P (2603)-Bocharov,D (2602) Khanty-Mansiysk 2013}) 8. Bg2 Nc6 9. O-O Be7 10. Nbd2 O-O $146 ({Predecessor:} 10... Bg4 11. h3 Bh5 12. Nb3 Ne4 13. Be3 Bf6 14. c3 O-O 15. Nbd4 Rc8 16. Re1 Qd6 17. Qa4 Bd8 18. Nxc6 Rxc6 19. Bf4 {½-½ (19) Kieninger,G-Schmidt,W Minden 1959}) 11. Nb3 Bg4 12. h3 Bh5 13. Bg5 h6 14. Be3 Re8 15. Re1 Bf8 16. c3 $1 Ne5 17. g4 {[#] Hoping for Nxe5.} Nxf3+ $1 18. Bxf3 Bg6 19. Bf4 Rxe1+ {Precision: White = 80%, Black = 42%.} 1/2-1/2

[Event "22nd OIBM 2018"]
[Site "Gmund am Tegernsee"]
[Date "2018.11.03"]
[Round "8"]
[White "Moeldner, Juergen"]
[Black "Finkenflugel, Renzo"]
[Result "1-0"]
[WhiteElo "2209"]
[BlackElo "1990"]
[Annotator "NA"]
[PlyCount "47"]
[EventDate "2018.10.27"]
[EventType "swiss"]
[EventCountry "GER"]
[SourceTitle "playchess.com"]
[Source "ChessBase"]
[SourceQuality "1"]
[TimeControl "40/5400+30:1800+30"]

1. e4 {[%emt 0:00:00]} c6 {[%emt 0:00:00]} 2. d4 {[%emt 0:00:03]} d5 {[%emt 0:00:00]} 3. e5 {[%emt 0:00:14]} Bf5 {[%emt 0:00:00]} 4. Nf3 {[%emt 0:00:09]} e6 {[%emt 0:00:02]} 5. Be2 {[%emt 0:00:07]} Ne7 {[%emt 0:00:07]} 6. Nbd2 {[%emt 0:00:51]} c5 {[%emt 0:02:22]} 7. dxc5 {[%emt 0:01:59]} Nec6 {[%emt 0:01:40]} 8. Nb3 {[%emt 0:03:42]} Nd7 {[%emt 0:04:13]} 9. Be3 {[%emt 0:04:09]} Be4 {[%emt 0:17:27]} 10. Bb5 {[%emt 0:07:09]} Bxf3 {[%emt 0:01:24]} 11. Qxf3 {[%emt 0:01:51]} Ncxe5 {[%emt 0:10:30] [#]} 12. Qg3 $1 {[%emt 0:02:04]} Nc6 {[%emt 0:06:16]} 13. O-O-O {[%emt 0:02:26]} g6 {[%emt 0:05:53]} 14. Rhe1 {[%emt 0:09:44]} Be7 {[%emt 0:04:36]} 15. Bh6 {[%emt 0:09:20]} Rc8 {[%emt 0:09:38]} 16. Kb1 {[%emt 0:08:27]} a6 $16 {[%emt 0:03:18]} 17. Ba4 {[%emt 0:02:53]} Qc7 {[%emt 0:07:10]} 18. Qh3 {[%emt 0:02:57]} b5 {[%emt 0:07:11]} 19. cxb6 {[%emt 0:00:57]} Nxb6 {[%emt 0:00:14]} 20. Bg7 {[%emt 0:06:23]} Rg8 {[%emt 0:02:09]} 21. Bxc6+ {[%emt 0:00:45]} Qxc6 {[%emt 0:00:09]} 22. Qxh7 {[%emt 0:00:52]} Qxc2+ {[%emt 0:01:53]} 23. Ka1 {[%emt 0:00:02]} Kd7 {[%emt 0:00:58]} 24. Bd4 {[%emt 0:03:42]} 1-0

[Event "22nd OIBM 2018"]
[Site "Gmund am Tegernsee"]
[Date "2018.11.03"]
[Round "8"]
[White "Schaefer, Michael"]
[Black "Ott, Josef Sebastian"]
[Result "1-0"]
[WhiteElo "2185"]
[BlackElo "1961"]
[Annotator "NA"]
[PlyCount "49"]
[EventDate "2018.10.27"]
[EventType "swiss"]
[EventCountry "GER"]
[SourceTitle "playchess.com"]
[Source "ChessBase"]
[SourceQuality "1"]
[TimeControl "40/5400+30:1800+30"]

1. d4 {[%emt 0:00:00]} Nf6 {[%emt 0:00:00]} 2. Nf3 {[%emt 0:00:00]} c5 {[%emt 0:00:00]} 3. d5 {[%emt 0:01:36]} e6 {[%emt 0:00:02]} 4. c4 {[%emt 0:00:27]} d6 {[%emt 0:00:19]} 5. Nc3 {[%emt 0:00:06]} exd5 {[%emt 0:00:03]} 6. cxd5 {[%emt 0:00:09]} g6 {[%emt 0:00:09]} 7. Bf4 {[%emt 0:00:06]} a6 {[%emt 0:00:48]} 8. a4 {[%emt 0:00:05]} Bg7 {[%emt 0:00:55]} 9. h3 {[%emt 0:00:25]} O-O {[%emt 0:03:20]} 10. e3 {[%emt 0:04:56]} Qc7 {[%emt 0:16:43] LiveBook: 7 Games A61: Modern Benoni: Nf3 without early e4} 11. Be2 {[%emt 0:02:23]} Nfd7 $146 {[%emt 0:05:25]} ({Predecessor:} 11... Nbd7 12. O-O Rb8 13. Rc1 Re8 14. Nd2 Ne5 15. Bh2 Qe7 16. Kh1 Rd8 17. a5 Ne8 18. f4 {1-0 (43) Nikolic,P (2622)-Bogut,Z (2423) Bihac 2016}) 12. O-O {[%emt 0:01:56]} Ne5 {[%emt 0:01:11]} (12... Re8 $142) 13. Bxe5 {[%emt 0:01:19]} dxe5 {[%emt 0:00:25]} 14. Nd2 {[%emt 0:02:22]} Rd8 {[%emt 0:08:41]} 15. Nc4 {[%emt 0:05:45]} f5 {[%emt 0:01:36]} 16. d6 {[%emt 0:04:13]} Qf7 {[%emt 0:02:54]} 17. Nb6 {[%emt 0:02:49]} Ra7 {[%emt 0:01:45]} 18. Nxc8 {[%emt 0:00:23]} Rxc8 {[%emt 0:00:22]} 19. a5 {[%emt 0:00:57]} Nd7 {[%emt 0:18:26]} 20. Nd5 {[%emt 0:04:52]} Kh8 {[%emt 0:02:51]} 21. Bc4 {[%emt 0:01:32]} Rc6 {[%emt 0:08:43]} 22. Nb6 {[%emt 0:10:44]} Qe8 {[%emt 0:01:37]} 23. Qa4 {[%emt 0:01:03]} Nxb6 {[%emt 0:01:51]} 24. axb6 {[%emt 0:03:52]} Ra8 $18 {[%emt 0:01:33]} 25. Bb5 {[%emt 0:00:20]} 1-0